000 00288nam a22001217a 4500
020 _a9788173710483
082 _a660.2969
_bRAO/CH
100 _aRao, YVC
245 _aChemical engineering thermodynamics
260 _aHyderabad,
_bUniversities Press
_c2011
300 _a601p
942 _cBK
999 _c13920
_d13920